| 000 | 00600nam a2200169 a 4500 | ||
|---|---|---|---|
| 001 | 000016317 | ||
| 005 | 20200929164352.0 | ||
| 008 | 100303d2003 dr a 001 0 spa d | ||
| 040 |
_aDO-SdBNP _bspa _cBNPHU |
||
| 082 |
_axxx _bR696g |
||
| 100 | 1 |
_aRodríguez, Antonio S. _921620 |
|
| 245 | 1 | 0 |
_aContabilidad : _bGuía práctica de tratamiento contable para los registros de las operaciones financieras de las empresas / _cAntonio S. Rodríguez. |
| 260 |
_aSanto Domingo : _bImprenta Dahiana, _c2003. |
||
| 300 |
_a148 p. : _bil. ; _c21 cm. |
||
| 504 | _aIncluye bibliografías [p. 149] | ||
| 049 | _aBNPD | ||
| 999 |
_c15852 _d15852 |
||